000
00302nam a22001337a 4500
008
170908b xxu||||| |||| 00| 0 eng d
020
_a
9780072863819
041
_a
eng
080
_2
10 ED
_a
91
100
_a
91
101
_a
GEO
245
_a
GLOBAL STUDIES RUSSIA
_c
GOLDMAN.M.L
942
_2
udc
_c
BK
999
_c
26804
_d
26804